000 00269nam a22001217a 4500
008 170522b xxu||||| |||| 00| 0 eng d
041 _aeng
080 _a94(100)
100 _a16
101 _aSHH
245 _aTHE ORIGINS OF THE WORLD WAR
_cFAY,S.B
942 _2udc
_cBK
999 _c13650
_d13650